02460nam a2200445 i 4500001001200000003000800012006001900020007001500039008004100054020003100095020002700126040003500153035002100188050002700209082001200236245014100248264003400389264001200423300005800435336002100493337002300514338003200537490013600569500016100705504005100866505025000917588004701167590014701214650003201361650001501393650002701408650002301435655002201458700002401480776032501504797001201829830003001841856012601871999001701997ebr10820007CaPaEBRm o d cr cn|||||||||131101t20132013mauab ob 001 0 eng|d z9783110311969 (alk. paper) a9783110312027 (e-book) aCaPaEBRbengerdaepncCaPaEBR a(OCoLC)86442999014aP37.5.S65bS585 2013eb04a40122300aSpace in language and linguistics :bgeographical, interactional, and cognitive perspectives /cedited by Peter Auer [and three others]. 1aBoston :bDe Gruyter,c[2013] 4c�2013 a1 online resource (705 pages) :billustrations, maps. atext2rdacontent acomputer2rdamedia aonline resource2rdacarrier1 aLinguae & litterae : Publications of the School of Language & Literature, Freiburg Institute for Advanced Studies,x1869-7054 ;v24 a"The contributions in this volume were originally presented at a conference series held at the Freiburg Institute for Advanced Studies in the fall of 2009." aIncludes bibliographical references and index.0 asection 1. Geography and variation across languages -- section 2. Geography and variation within languages -- section 3. Interactional spaces -- section 4. Mobile spaces -- section 5. Mediated spaces -- section 6. Typology and spatial reasoning. aDescription based on print version record. aElectronic reproduction. Palo Alto, Calif. : ebrary, 2014. Available via World Wide Web. Access may be limited to ebrary affiliated libraries. 0aSpace and time in language. 0aCognition. 0aTypology (Linguistics) 0aPsycholinguistics. 0aElectronic books.1 aAuer, Peter,d1954-08iPrint version:tSpace in language and linguistics : geographical, interactional, and cognitive perspectives.dBoston : De Gruyter, [2013]hvii, 697 pageskLinguae & litterae : Publications of the School of Language & Literature, Freiburg Institute for Advanced Studies ; 24x1869-7054 ;z9783110311969w(DLC) 20130434992 aebrary. 0aLinguae & litterae ;v24.40uhttp://site.ebrary.com/lib/rucke/Doc?id=10820007zAn electronic book accessible through the World Wide Web; click to view c79972d79972